Aprenda a tocar guitarra / (Registro nro. 4155)
[ vista simple ]
| 000 -CABECERA | |
|---|---|
| Longitud fija campo de control | 00644nam a2200205 4500 |
| 003 - • IDENTIFICADOR DELl NÚMERO DE CONTROL | |
| Identificador del número de control | CO-ViMGA |
| 020 ## - • NÚMERO INTERNACIONAL NORMALIZADO PARA LIBROS | |
| Número Internacional Normalizado para Libros (ISBN) | 9789583020735 |
| 040 ## - FUENTE DE LA CATALOGACIÓN | |
| Centro catalogador de origen | CO-ViMGA |
| Lengua de catalogación | spa |
| Centro transcriptor | CO-ViMGA |
| 082 04 - • NÚMERO DE LA CLASIFICACIÓN DECIMAL DEWEY | |
| Número de clasificación (R) | 787.87078 |
| Número del ítem | E54a |
| 100 1# - • PUNTO DE ACCESO PRINCIPAL-NOMBRE DE PERSONA | |
| Nombre de persona | Ellis, Jeff. |
| 245 10 - • TITULO PROPIAMENTE DICHO | |
| Título | Aprenda a tocar guitarra / |
| Mención de responsabilidad, etc. | Jeff Ellis. |
| 300 ## - • DESCRIPCIÓN FÍSICA | |
| Extensión | 192 p. : |
| Otras características físicas | il. , fot. ; 16 cm. |
| 500 ## - • NOTA GENERAL | |
| Nota general | Incluye glosario e índice. |
| 650 14 - • PUNTO DE ACCESO ADICIONAL DE MATERIA - TÉRMINO DE MATERIA | |
| Término de materia o nombre geográfico como elemento inicial | Guitarra - Enseñanza. |
| 650 14 - • PUNTO DE ACCESO ADICIONAL DE MATERIA - TÉRMINO DE MATERIA | |
| Término de materia o nombre geográfico como elemento inicial | Guitarra - Métodos autodidácticos. |
| 700 1# - • PUNTO DE ACCESO ADICIONAL - NOMBRE DE PERSONA | |
| Nombre de persona | Gomez Rodriguez, Diana Esperanza, |
| Término indicativo de función | trad. |
| 700 1# - • PUNTO DE ACCESO ADICIONAL - NOMBRE DE PERSONA | |
| Nombre de persona | Mahecha López, Javier R, |
| Término indicativo de función | ed. |
| 942 ## - ENTRADA DE ELEMENTOS AGREGADOS (KOHA) | |
| Koha [por defecto] tipo de item | LIbro |
| Perdido | Estado Físico | No para préstamo | Forma de adquisición | Localización permanente | Localización actual | Fecha adquisición | Préstamos totales | Signatura completa | Código de barras | Fecha última consulta | Fecha último préstamo | Número de copia | Fecha del precio de reemplazo | Tipo de item de Koha | Fuente de clasificación o esquema | Localización en estanterías | Note pública |
|---|---|---|---|---|---|---|---|---|---|---|---|---|---|---|---|---|---|
| Sala General | Biblioteca Pública Departamental Eduardo Carranza - Villavicencio | Biblioteca Pública Departamental Eduardo Carranza - Villavicencio | 06/06/2014 | 787..870721 E55a | ECA19732 | 11/26/2024 | Ej.1 | 11/26/2024 | LIbro | General | 16801 | 21669 | ||||||
| Sala General Segundo Piso | Biblioteca Pública Germán Arciniegas - Villavicencio | Biblioteca Pública Germán Arciniegas - Villavicencio | 09/07/2016 | 5 | 787.87078 E54a | 30354 | 03/08/2019 | 09/29/2018 | Ej. 1 | 09/07/2016 | LIbro | ||||||
| Colección General | Biblioteca Pública Medellin del Ariari - El Castillo | Biblioteca Pública Medellin del Ariari - El Castillo | 11/11/2024 | 787.87 - E44A Ej.1 | BM00391 | 11/11/2024 | Ej.1 | 11/11/2024 | LIbro | Dewey Decimal Classification | Referencia |